000 00500nam a2200169Ia 4500
008 240729s9999 xx 000 0 und d
022 _a1991-9336
245 0 _aEuropean Journal of American Studies
260 _aAustria
260 _bEuropean Association for American Studies
650 _a Sociology (General)
650 _a United States | Social Sciences
650 _aHistory America
856 _uhttps://doaj.org/toc/f26bb49bbde845f999f8c1b312806617
942 _2ddc
942 _cDOAJEJ
999 _c73520
_d73520
945 _a1
_bMadushi Gamage
_c1
_dMadushi Gamage